| 000 | 00577nam a22001457a 4500 | ||
|---|---|---|---|
| 008 | 160511b xxu||||| |||| 00| 0 eng d | ||
| 082 |
_22014 _aUT 0552 _bF77 |
||
| 100 |
_97920 _aFortuna, Sheila Mae C. |
||
| 245 |
_aDeterminants of health care demand in Digos City, Davao del Sur/ _cSheila Mae C. Fortuna, Renz P. Delos Santos and Hearty R. Banaay. |
||
| 260 |
_aDigos City: _bUMDC _cNovember 2014. |
||
| 300 |
_a66 pages; _c30 cm. |
||
| 650 | 0 |
_97919 _aBusiness Administration _vMarketing Management _xUndergraduate thesis. |
|
| 700 |
_97917 _aDelos Santos, Renz P. |
||
| 942 |
_2ddc _cUT |
||
| 999 |
_c2408 _d2408 |
||